000 01039cam a22003497a 4500
003 CHAP
005 20220817040805.0
008 971013s1989 it r 00010 eng d
010 _a367
011 _a1339
035 _a515
040 _cCHAP
082 _a639.2
_bF3y v.304
110 _aFAO
245 1 0 _aRewiew of the fisheries resources of the Redsea and Gulf of Aden
260 _aRome :
_bFAO,
_c1989
300 _a138 p.
410 _aFAO
490 0 _aDocumento técnico de pesca
_v; 304
590 _aBATCH-UPD
_b10
_c20130110
_lUCH01
_h1549
590 _aBATCH-UPD
_b10
_c20130410
_lUCH01
_h0948
590 _aBATCH-UPD
_b10
_c20130914
_lUCH01
_h1212
590 _aCONVERSION
_b10
_c20130109
_lUCH01
_h1302
650 1 4 _aPesca
_xAfrica.
_987354
650 1 4 _aPesca
_xAsia.
_987359
650 1 4 _aRecursos marinos
_xAfrica.
_995144
810 0 _aFAO
830 0 0 _aDocumento técnico de pesca
_v; 304
_933242
901 _aBK
942 _cLIBRO
949 _a639.2 F3y v.304
_bBC
_cFAO
_d33724002234941
_eFAO1
_gDonaciØn
_h76900
_i515
_si
999 _c367
_d367